000 01720cam a22004814i 4500
003 PE-LiUPU
005 20250731165512.0
008 150623s r 000 0 d
035 _a(Sirsi) a24315
035 _a(Sirsi) a24315
040 _aPE-LiUPU
_bspa
_cPE-LiUPU
_erda
082 0 4 _a492.3321
_bP32
_221
100 1 _aPayne Smith, R.,
_d1818-1895
_qRobert,
_eautor.
245 1 2 _aA compendious Syriac dictionary founded upon the thesaurus syriacus /
_ceditado por J. Payne Smith (Mrs. Margoliouth).
264 1 _aWinona Like, Indiana :
_bEisenbrauns,
_c1998.
300 _a626 páginas ;
_c25 cm.
336 _atext
_2rdacontent
337 _aunmediated
_2rdamedia
338 _avolume
_2rdacarrier
505 0 _aA compendious Syriac dictionary founded upon the thesaurus syriacus. LENGUA SIRIACA.
526 _aSEG44
526 _aSEG26
526 _aP151
526 _aP150
526 _aP149
526 _aP146
526 _aP145
526 _aP126
526 _aP125
526 _aP92
526 _aP75
526 _aP74
526 _aP27
526 _aP15
650 1 4 _aSiríaco
_vDiccionarios.
700 1 _aPayne Smith, Robert.
942 _2ddc
_cBOOK
949 _aRC 492.3321 P32
_wDEWEY
_c1
_i48610
_lRC
_mBUL
_r0
_sY
_tBOOK
_u2015-6-24
_xTEOLOGIA
_PP35
_0COMPRA
_o.CIRCNOTE. No olvidar cambiar la fecha de devolución!!!!!!!
_o.STAFF. Colección General
994 _aC0
_bPEPRU
596 _a1
999 _aRC 492.3321 P32
_wDEWEY
_c27779
_i48610
_d27779
_f2021-11-8
_g5
_lCCODEBUL1
_mBUL
_q3
_r1
_sY
_tBOOK
_u2015-6-24
_xTEOLOGIA
_PP35
_0COMPRA
_o.CIRCNOTE. No olvidar cambiar la fecha de devolución!!!!!!!
_o.STAFF. Colección General
980 _81
_gALBERTO SANCHEZ Responsable de Automatización